00910nam a22002057a 450000500170000000800410001702000180005804000070007604100120008308200170009510000180011224500690013025000120019926000530021130000280026436500640029252002850035665000410064170000220068220250719140202.0240304b ||||| |||| 00| 0 eng d a9781032124063 cAL aEnglish a070.43bSEDI aGail Sedorkin aInterviewingb: a guide for journalists and professional writers a3rd ed. aLondonbRoutledge Taylor and Francis Groupc2023 axii,180p.bPBc20x13cm. 2Generala7739b₹1718.00c₹d₹2202.90e22%f15/02/2024 aThis is an essential guide to the art of interviewing, with checklists, tips and examples from leading journalists and PR specialists, covering basic to advanced techniques. Sedorkin and Forbes provide a comprehensive, step-by-step overview of how to manage the interview process. 2Journalism And PublishingaReporting aForbes Amy; et.al